000 00938cam a2200265 a 4500
001 000010074
005 20200929161830.0
008 940621s1993 sp b 001 p spa d
020 _a8423973131
040 _aDO-SdBNP
_cMiU
_dNSbSU
_dDLC
050 0 4 _aPQ6603.O79
_bA6 1993
082 _a828.99341
_bB777p
100 1 _aBousoño, Carlos.
_d1923-
_915501
240 1 0 _aPoems.
_kSelections
245 1 0 _aPoesía :
_bantología: 1945-1993 /
_cCarlos Bousoño ; edición, Alejandro Duque Amusco.
260 _aMadrid :
_bEspasa Calpe,
_c1993.
300 _a287 p. ;
_c18 cm.
490 1 _aAustral ;
_vno. 313.
_aLiteratura
504 _aIncluye referencias bibliográficas p. [47]-54.
650 4 _aPoesía australiana
_vCOLECCIONES
_925054
650 4 _aLiteratura australiana
_ySIGLO XX
_925055
700 1 _aDuque Amusco, Alejandro,
_eed.
_925056
830 0 _aAustral ;
_vno. 313
_pLiteratura
_921451
910 _aCatalogación por copia / LC
999 _c9833
_d9833